| 000 | 00973cam a22002771a 4500 | ||
|---|---|---|---|
| 001 | he 67002502 | ||
| 003 | DLC | ||
| 005 | 20260227111452.0 | ||
| 008 | 910923s1934 hu 000 0 hebr | ||
| 010 | _ahe 67002502 | ||
| 035 | _a(OCoLC)24434302 | ||
| 040 |
_aDLC _cCLU _dDLC |
||
| 042 | _apremarc | ||
| 050 | 0 | 0 |
_aBM522.76 _b.O53 |
| 100 | 1 | _aPollak, Menachem. | |
| 245 | 1 | 0 |
_aSefer Sheʼelot u-teshuvot Ḥeleḳ Leṿi : _bʻal Oraḥ ḥayim ṿe-Yoreh deʻah... / _cMenaḥem Segal Polaḳ... |
| 260 |
_aMishkolts : _bBi-defus B. Friedman, _c1934. |
||
| 300 |
_a5, 43, 131 leaves ; _c34 cm. |
||
| 500 | _a"Ḥesed le-Avraham [Divre Agadah she-yesh ba=hem ʻerekh musari]": 43 leaves (2d group). | ||
| 600 | 1 | 0 |
_aKaro, Joseph ben Ephraim, _d1488-1575. _tShulḥan ʻarukh. |
| 650 | 0 |
_aResponsa _y1800-1948. |
|
| 740 | 0 | _aSheʼelot u-teshuvot Ḥeleḳ Leṿi. | |
| 740 | 0 | _aḤeleḳ Leṿi. | |
| 740 | 0 | _aShut Ḥeleḳ Leṿi. | |
| 752 |
_aHungary _dMiskolcz |
||
| 999 |
_c32811 _d32811 |
||